Globalisation and Gandhian: (Record no. 19140)

MARC details
000 -LEADER
fixed length control field 00971nam a22002417a 4500
008 - FIXED-LENGTH DATA ELEMENTS--GENERAL INFORMATION
fixed length control field 081126t xxu||||| |||| 00| 0 eng d
010 ## - LCCN (DPL NO)
LC control number ENG-91839
020 ## - INTERNATIONAL STANDARD BOOK NUMBER
International Standard Book Number 9788190647700
Terms of availability 450.00
035 ## - SYSTEM CONTROL NUMBER
System control number EN-75372
037 ## - SOURCE OF ACQUISITION
Source of stock number/acquisition DBAD / PUB
040 ## - CATALOGING SOURCE
Original cataloging agency dpl
Language of cataloging English
082 ## - DEWEY DECIMAL CLASSIFICATION NUMBER
Classification number 307.1412
100 ## - MAIN ENTRY--PERSONAL NAME
Personal name Choudhary, A.N.
245 ## - TITLE STATEMENT
Title Globalisation and Gandhian:
Statement of responsibility, etc by A.N. Choudhary
Remainder of title approach to rural development /
260 ## - PUBLICATION, DISTRIBUTION, ETC. (IMPRINT)
Place of publication, distribution, etc New Delhi
Name of publisher, distributor, etc Satyam Publishing House
Date of publication, distribution, etc 2008
270 ## - ADDRESS
Address N-3/25 Mohan Garden, Uttam Nagar,
City New Delhi
Postal code 110059
300 ## - PHYSICAL DESCRIPTION
Extent 160p.
Dimensions 23cm (Hb)
500 ## - GENERAL NOTE
General note Includes bibliographical references
650 ## - SUBJECT ADDED ENTRY--TOPICAL TERM
Topical term or geographic name as entry element Rural development
General subdivision Cross- cultural studies
650 ## - SUBJECT ADDED ENTRY--TOPICAL TERM
Topical term or geographic name as entry element Globalization
General subdivision Economic aspects
942 ## - ADDED ENTRY ELEMENTS (KOHA)
Source of classification or shelving scheme Dewey Decimal Classification
Item type English Books
Call number suffix CHO
Classification part 307.1412
Holdings
Withdrawn status Lost status Source of classification or shelving scheme Damaged status Not for loan Collection code Home library Current library Date acquired Source of acquisition Cost, normal purchase price Total Checkouts Full call number Barcode Date last seen Copy number Cost, replacement price Koha item type
    Dewey Decimal Classification   Not For Loan Non-fiction D.B.Act.Division D.B.Act.Division 26/11/2008 DBAD / PUB 450.00   307.1412 CHO EN-75372 26/11/2008 1 450.00 English Books

© Delhi Public Library
Hit Counter
free hit counter